000 00671nam a2200253Ia 4500
001 dia_964
003 CHAP
005 20230116132524.0
008 220117s1997 xx 000 0 und d
010 _a171510
020 _a84-315-1822-7
040 _cCHAP
082 _a663.2 I2
100 _aIbar, Leandro
_9149623
245 _aComo se Hace un Buen Vino /
_c por Leandro Ibar
260 _aBarcelona :
_b de Vecchi,
_c1997
300 _a191 p.
500 _aC/e
600 _aVino 2. Vino - elaboración. i.t.
_9149624
901 _a663.2 I2
902 _aM
905 _a0000001997 BARA 0000000000SPA00
942 _cLIBRO
_2ddc
999 _c171510
_d171510